[Event "Scarborough CC-ch Reserves op"]
[Site "Toronto"]
[Date "2010.04.22"]
[Round "9"]
[White "Luiting, Larry"]
[Black "Radpey, Abdolreza"]
[Result "0-1"]
[WhiteElo "1702"]
[BlackElo "1666"]
[PlyCount "54"]
[EventDate "2010.02.25"]
[EventType "swiss"]
[EventRounds "9"]
[EventCountry "CAN"]
[SourceTitle "EXT 2022"]
[Source "ChessBase"]
[SourceDate "2021.10.06"]
[SourceVersion "1"]
[SourceVersionDate "2021.10.06"]
[SourceQuality "1"]

1. e4 e6 2. d4 d5 3. exd5 exd5 4. c4 Nf6 5. Nf3 Bb4+ 6. Bd2 Bxd2+ 7. Nbxd2 0-0 8. Be2 Re8 9. 0-0 Bg4 10. h3 Bh5 11. Re1 Nc6 12. Qb3 Na5 13. Qc3 Nc6 14. b3 a5 15. Rad1 Ne4 16. Nxe4 dxe4 17. Ne5 Bxe2 18. Nxc6 bxc6 19. Rxe2 Qg5 20. Re3 Re7 21. d5 f5 22. dxc6 f4 23. Ree1 Rae8 24. Rd5 Qg6 25. Kh2 e3 26. Kg1 exf2+ 27. Kxf2 Rxe1 0-1

[Event "Canadian op U2000"]
[Site "Kitchener"]
[Date "2006.07.21"]
[Round "7"]
[White "Luiting, Larry"]
[Black "Kiss, Istvan"]
[Result "0-1"]
[WhiteElo "1617"]
[BlackElo "1845"]
[PlyCount "38"]
[EventDate "2006.07.15"]
[EventType "swiss"]
[EventRounds "9"]
[EventCountry "CAN"]
[SourceTitle "CBM 113 Extra"]
[Source "ChessBase"]
[SourceDate "2006.09.14"]
[SourceVersion "1"]
[SourceVersionDate "2006.09.14"]
[SourceQuality "1"]

1. e4 c6 2. d4 d5 3. f3 e6 4. Bf4 Bd6 5. e5 Be7 6. Bd3 c5 7. c3 Nc6 8. Ne2 Qb6 9. Qd2 c4 10. Bxc4 dxc4 11. Be3 Qc7 12. f4 Nh6 13. g4 f6 14. exf6 gxf6 15. f5 Nf7 16. d5 exd5 17. Qxd5 Nfe5 18. Qe4 Bd6 19. Bf2 Qb6 0-1

[Event "Canadian op U2000"]
[Site "Kitchener"]
[Date "2006.07.20"]
[Round "6"]
[White "Luiting, Larry"]
[Black "Cheng, Jack"]
[Result "1/2-1/2"]
[WhiteElo "1617"]
[BlackElo "1719"]
[PlyCount "83"]
[EventDate "2006.07.15"]
[EventType "swiss"]
[EventRounds "9"]
[EventCountry "CAN"]
[SourceTitle "CBM 113 Extra"]
[Source "ChessBase"]
[SourceDate "2006.09.14"]
[SourceVersion "1"]
[SourceVersionDate "2006.09.14"]
[SourceQuality "1"]

1. e4 e5 2. Nf3 Nc6 3. Bb5 a6 4. Ba4 Nf6 5. 0-0 Be7 6. Re1 b5 7. Bb3 d6 8. c3 0-0 9. h3 Na5 10. Bc2 c5 11. d4 Qc7 12. Nbd2 cxd4 13. cxd4 Nc6 14. Nf1 exd4 15. Nxd4 Nxd4 16. Bd3 Nc6 17. Bf4 Ne5 18. Bc2 Bb7 19. Rc1 Qd8 20. b3 Rc8 21. Bh2 Qb6 22. Qe2 Rfe8 23. Kh1 Nc6 24. Red1 Nb4 25. Bb1 Rxc1 26. Rxc1 a5 27. f4 Bf8 28. Bg1 Qd8 29. Ng3 Qa8 30. a3 Na6 31. e5 Nd5 32. Qd3 g6 33. Nh5 dxe5 34. fxe5 Rxe5 35. Ng3 Bxa3 36. Rf1 Qe8 37. Bd4 Re1 38. Ne4 Rxf1+ 39. Qxf1 Be7 40. Bd3 Nac7 41. Qf3 Qc6 42. Qg4 1/2-1/2

[Event "Canadian op U2000"]
[Site "Kitchener"]
[Date "2006.07.18"]
[Round "4"]
[White "Keep, Richard"]
[Black "Luiting, Larry"]
[Result "0-1"]
[WhiteElo "1785"]
[BlackElo "1617"]
[PlyCount "120"]
[EventDate "2006.07.15"]
[EventType "swiss"]
[EventRounds "9"]
[EventCountry "CAN"]
[SourceTitle "CBM 113 Extra"]
[Source "ChessBase"]
[SourceDate "2006.09.14"]
[SourceVersion "1"]
[SourceVersionDate "2006.09.14"]
[SourceQuality "1"]

1. e4 c5 2. Bc4 e6 3. Bb3 b5 4. c4 bxc4 5. Bxc4 Nc6 6. Nc3 Nf6 7. Nf3 d5 8. exd5 exd5 9. Bb5 Qe7+ 10. Ne2 Qb7 11. Bxc6+ Qxc6 12. 0-0 Bd6 13. d4 0-0 14. dxc5 Qxc5 15. Be3 Qb5 16. Bd4 Ba6 17. Re1 Ne4 18. Nc3 Nxc3 19. Bxc3 Bb4 20. Bxb4 Qxb4 21. Qxd5 Qxb2 22. Rab1 Qf6 23. h3 Rfd8 24. Qe4 Bd3 25. Qa4 Bxb1 26. Rxb1 h6 27. Rb7 a5 28. Qb3 Rac8 29. Qe3 Rd1+ 30. Kh2 Qd6+ 31. g3 Rd3 32. Qe4 Qd5 33. Qxd5 Rxd5 34. Rb2 Rc3 35. Kg2 Rdc5 36. Ne1 a4 37. h4 a3 38. Rd2 Kf8 39. Re2 Rb5 40. Rc2 Rxc2 41. Nxc2 Ra5 42. Kf3 Ke7 43. Ke3 Kd6 44. Kd4 Rd5+ 45. Ke3 Rc5 46. Kd3 Rf5 47. Ke3 Ra5 48. Kd4 Ra4+ 49. Ke3 h5 50. Kd3 f6 51. Ne3 g5 52. f3 gxh4 53. gxh4 Ke5 54. Kd2 Rb4 55. Kc3 Rxh4 56. Kb3 Rd4 57. Nc2 Rd3+ 58. Kb4 Rxf3 59. Nxa3 Rxa3 60. Kxa3 h4 0-1